000 00774nmm a2200265 a 4500
003 AR-Y00000XR
005 20251128211927.0
008 227020s1997 ||||||||||||||000 | spa||
020 _a0-8442-0846-9
040 _cAR-Y00000XR
100 1 _aBertram, Anne
245 1 0 _aNTC's dictionary of commonplace words in real-life contexts
246 1 _aCommonplace words in real-life contexts
_ban essential guide to the everyday objects in american life
260 _aLincolnwood
_bNTC Publishing Group
_c1997
300 0 _a383 p.
650 4 _aDICCIONARIOS
650 4 _aINGLES
650 4 _aLENGUAJE HABLADO
650 4 _aVIDA COTIDIANA
650 4 _aANALISIS SEMANTICO
650 4 _aVOCABULARIO
655 _aREFERENCIA
942 _cBK
998 _cme-solo cat
999 _c21649
_d21649